000 01580nam a2200337 i 4500
001 000038684
003 DO-SdBNP
005 20250917105740.0
007 ta
008 130418s1997 dr 000 0 spa d
020 _a8489539448
040 _aDO-SdBNP
_bspa
_cBNPHU
_erda
041 _aspa
082 4 _aRD861.44
_bJ86a 1997
_222
100 1 _aJovine Bermúdez, Federico,
_d1944-2017
_eautor
_4aut.
_925425
245 1 0 _aArdiente pasión por la palabra /
_cFederico Jovine Bermúdez.
250 _aPrimera edición
264 1 _aSanto Domingo, República Dominicana :
_bEditora de Colores,
_c1997.
300 _a122 páginas ;
_c22 cm.
336 _atexto
_btxt
_2rdacontent
337 _asin mediación
_bn
_2rdamedia
338 _avolumen
_bnc
_2rdacarrier
490 0 _aColección Poesía
500 _aIncluye datos biográficos del autor en la solapa de la contracubierta
505 _a1 Epístola a los corintios, 7.-- 2 Epístola a los corintios, 21.-- Más allá del salto de anamuya, 29.--Ardiente pasión por la palabra, 33.-- Cementerio marino, 53.-- Paradise, 61.-- Los saltimpankis, 75.-- Carnaval, 81.-- Cotidianidades, 83.-- Hipocampo, 85.-- A veces también para morir se vive, 87.-- A veces también para vivir se muere, 95.-- Del amor y otras diabluras, 103.-- Oda a una mujer, 107.-- El poeta, su amante, 109.-- La última tentación, 115.-- Rubén Darío, 119.
590 _aInventariado, 2019/VM
650 4 _aPoesía dominicana
_966
650 4 _aLiteratura dominicana.
_967
910 _aValidado. Control de calidad MFF
942 _2ddc
_cLBS1
999 _c38174
_d38174